000 00506nam a2200157Ia 4500
008 180901s9999 xx 000 0 und d
020 _a9780071835275
100 _aJohnson E. Thomas
245 _cThompson E. Johnson.--
_aIntroduction to health physics /
250 _a5th ed
260 _aUSA :
_bMcGraw Hill
_c2017
300 _axi, 931 pages :
_billustrations.
500 _aIncludes bibliographic reference and index.
650 _aMESH : Health Physics.
650 _aRadiation Protection --methods.
999 _c358450
_d358450